| 000 | 00769nam a2200253Ia 4500 | ||
|---|---|---|---|
| 003 | OSt | ||
| 005 | 20220918215919.0 | ||
| 006 | a|||||r|||| 00| 0 | ||
| 007 | ta | ||
| 008 | 220917b |||||||| |||| 00| 0 eng d | ||
| 024 | _a143,335 | ||
| 037 | _cTextual | ||
| 040 |
_aARTS _cARTS _beng |
||
| 041 |
_2eng _aeng |
||
| 082 | _aY15-4(J).3.262.N4, M7 | ||
| 100 |
_aCusters Peter _9135819 |
||
| 245 | 0 | _aWomen in the tebbahage uprising rural poor woman and revolutionary leadership (1946-1947) | |
| 260 |
_aCalcutta _bNaya Prakashan _c1987 |
||
| 300 |
_axii, 235p. _ccm. |
||
| 500 | _aBibliography p208-224; Glossary p225-235 | ||
| 650 | _aSOCIOLOGY | ||
| 942 |
_hY15-4(J).3.262.N4, M7 _cTEXL _2CC |
||
| 999 |
_c266288 _d266288 |
||